WW2 Datumi - Statistics

General Stats
  • This quiz has been taken 8 times
    4 since last reset
  • The average score is 19 of 29
Answer Stats
Hint Answer % Correct
Nemacka napada Dansku i Norvesku Apr 1940
100%
Nemacka napada Veliku Britaniju Avg 1940
100%
Atlanska povelja Avg 1941
100%
Antifasisticka koalicija Avg 1941
100%
Japan napada SAD vojnu bazu Perl Harbur Dec 1941
100%
Invazija saveznika na Siciliju Jul 1943
100%
Musolini uhapsen i fasisticka stranka ugasena Jul 1943
100%
Nemacka napada Francusku Jun 1940
100%
Marsal Filip Peten potpisuje primirje Jun 1940
100%
Napad na SSSR (Barbarosa) Jun 1941
100%
Bitka kod Midveja Jun 1942
100%
Iskrcavanje saveznika u Normandiju Jun 1944
100%
Nemacka napada Beneluks Maj 1940
100%
Ervin Romel pokrece ofanzivu u Africi Maj 1942
100%
Bitka kod El Alamejna Nov 1942
100%
Nemacka napada Poljsku Sep 1939
100%
VB i Francuska objavljuju rat Nemackoj Sep 1939
100%
Oslobodjenje Leningrada Jan 1944
50%
SSSR napada Finsku Nov 1939
50%
Otvoreno africko ratiste Sep 1940
50%
Kapitulacija Italije Sep 1943
50%
Oslobodjen Pariz, Francuska i vecina Beneluksa Avg 1944
0%
Bombardovanje Hirosime i Nigasakia Avg 1945
0%
Berlin okupiran Maj 1945
0%
Kapitulacija Nemacke Maj 1945
0%
Saveznici prelaze Rajnu Mar 1945
0%
Oslobodjenje BG, Nemci se povlace iz Grcke Okt 1944
0%
Kapitulacija Rumunije, Bugarske i Finske Sep 1944
0%
Kapitulacija Japana Sep 1945
0%
No matching quizzes found
Score Distribution
Percent of People with Each Score
Percentile by Number Answered
Your Score History
You have not taken this quiz since the last reset